Estatísticas para Discografia do Megadeth

Clique aqui para jogar o quiz

Estatísticas Gerais

  • Esse quiz foi jogado 13 vezes
  • A pontuação média é 10 de 16

Estatísticas das Respostas

Ano de lançamentoÁlbum% Correto
1990Rust In Peace
92%
1986Peace Sells. . . But Who's Buying?
85%
1988So far, So good. . . So what!
85%
1992Countdown to Extinction
77%
2016Dystopia
77%
1994Youthanasia
77%
1999Risk
69%
2011TH1RT3EN
69%
1985Killing Is My Business. . . And Business Is Good!
62%
2013Super Colider
62%
2022The Sick, The Dying. . . And The Dead!
54%
2007United Abominations
54%
2009Endgame
46%
2004The System has Failed
46%
2001The World Needs A Hero
46%
1997Cryptic Writings
38%

Distribuição das Pontuações

Percentil de Números Respondidos

Porcentagem de Pessoas com Cada Pontuação

Sua Pontuação Histórica

Você não jogou esse quiz